000 00256nam a2200109Ia 4500
008 220204s9999 xx 000 0 und d
082 _a82-3
_bJAM
100 _aJames, P D
245 4 _aThe Black tower
260 _aGreat Britain
_bSphere
_c1983
942 _cBK
999 _c33536
_d33536